Statistics for Closest Larger Island

Click here to take the quiz!

General Stats

  • This quiz has been taken 230 times
    (40 since last reset)
  • The average score is 49 of 99

Answer Stats

IslandCountryClosest Larger% Correct
BorneoBru., Ind., Mal.New Guinea
89%
HokkaidoJapanHonshū
84%
MadagascarMadagascarBorneo
81%
SumatraIndonesiaBorneo
81%
HispaniolaDom. Rep., HaitiCuba
81%
IrelandIreland, UKGreat Britain
81%
New GuineaIndonesia, PNGGreenland
81%
Baffin IslandCanadaGreenland
81%
Victoria IslandCanadaBaffin Island
78%
Great BritainUnited KingdomGreenland
78%
NewfoundlandCanadaGreenland
78%
IcelandIcelandGreenland
78%
Ellesmere IslandCanadaGreenland
78%
MindanaoPhilippinesLuzon
78%
JavaIndonesiaSumatra
78%
SulawesiIndonesiaBorneo
76%
LuzonPhilippinesBorneo
76%
North IslandNew ZealandSouth Island
76%
TasmaniaAustraliaSouth Island
76%
Sri LankaSri LankaSumatra
76%
HonshūJapanBorneo
73%
South IslandNew ZealandNew Guinea
73%
SicilyItalyGreat Britain
70%
SardiniaItalySicily
70%
KyūshūJapanHonshū
68%
TaiwanTaiwanLuzon
68%
SakhalinRussiaHokkaido
65%
ShikokūJapanHonshū
65%
HainanChinaLuzon
65%
New BritainPapua New GuineaNew Guinea
65%
Devon IslandCanadaEllesmere Island
62%
SpitsbergenNorwayGreenland
62%
Somerset IslandCanadaBaffin Island
59%
Severny IslandRussiaGreenland
59%
BananalBrazilMarajó
59%
CubaCubaNewfoundland
59%
HalmaheraIndonesiaNew Guinea
59%
TimorEast Timor, IndonesiaSulawesi
59%
Banks IslandCanadaVictoria Island
59%
Southampton Is.CanadaBaffin Island
57%
Axel Heiberg Is.CanadaEllesmere Island
57%
Seram IslandIndonesiaNew Guinea
57%
Alexander IslandAntarcticaSouth Island
57%
SamarPhilippinesLuzon
54%
New CaledoniaFranceNorth Island
54%
Berkner IslandAntarcticaAlexander Island
51%
Melville IslandCanadaBanks Island
51%
MarajóBrazilHispaniola
51%
Vancouver IslandCanadaVictoria Island
51%
Isla Grande de TDFArgentina, ChileAlexander Island
49%
JamaicaJamaicaHispaniola
49%
Prince of Wales Is.CanadaVictoria Island
49%
Thurston IslandAntarcticaAlexander Island
46%
SumbawaIndonesiaJava
46%
NegrosPhilippinesMindanao
46%
Kotelny IslandRussiaSeverny Island
46%
Yuzhny IslandRussiaSeverny Island
46%
Puerto RicoUnited StatesHispaniola
43%
NordaustlandetNorwaySpitsbergen
43%
CreteGreeceCyprus
41%
CorsicaFranceSardinia
41%
CyprusCyprus, UKSicily
41%
ZealandDenmarkGreat Britain
38%
QeqertarsuaqDenmarkGreenland
38%
MindoroPhilippinesLuzon
38%
PanayPhilippinesNegros
38%
Yos SudarsoIndonesiaNew Guinea
38%
BangkaIndonesiaSumatra
38%
PalawanPhilippinesBorneo
35%
Bathurst IslandCanadaDevon Island
35%
New IrelandPapua New GuineaNew Britain
35%
October Rev. Is.RussiaSeverny Island
35%
Bylot IslandCanadaBaffin Island
32%
Bougainville Is.Papua New GuineaNew Britain
32%
FloresIndonesiaSumbawa
30%
Prince Charles Is.CanadaBaffin Island
27%
Ellef Ringnes Is.CanadaDevon Island
27%
TupinambaranaBrazilMarajó
27%
Hawai'iUnited StatesVancouver Island
27%
Chiloé IslandChileIsla Grande de TDF
24%
Viti LevuFijiNew Caledonia
24%
Cape Breton Is.CanadaNewfoundland
24%
Kodiak IslandUnited StatesVancouver Island
24%
East FalklandUnited KingdomIsla Grande de TDF
22%
KerguelenFranceMadagascar
22%
Prince of Wales Is.United StatesVancouver Island
22%
King William Is.CanadaVictoria Island
22%
SumbaIndonesiaFlores
19%
Wrangel IslandRussiaKotelny Island
19%
Prince Patrick Is.CanadaMelville Island
19%
Anticosti IslandCanadaNewfoundland
19%
Carney IslandAntarcticaThurston Island
19%
Roosevelt IslandAntarcticaCarney Island
16%
Siple IslandAntarcticaCarney Island
16%
Cornwallis IslandCanadaDevon Island
16%
Bolshevik IslandRussiaOctober Rev. Is.
16%
Komsomolets Is.RussiaOctober Rev. Is.
14%
LeytePhilippinesSamar
14%
BuruIndonesiaSeram
14%

Score Distribution

Percentile by Number Answered

Percent of People with Each Score

Your Score History

You have not taken this quiz since the last reset